Guía practica ilustrada para el Jardín (Registro nro. 1340)
[ vista simple ]
| 000 -CABECERA | |
|---|---|
| Campo de control | 00832cam a2200253 a 4500 |
| 005 - FECHA Y HORA DE LA ULTIMA TRANSACCION | |
| Campo de control | 20160220115227.0 |
| 008 - ELEMENTOS DE LONGITUD FIJA—INFORMACION GENERAL | |
| Campo de control | 970410s1981 sp a r 00110 spa d |
| 020 ## - ISBN | |
| ISBN | 8470312782 |
| 040 ## - FUENTE DE CATALOGACIÓN | |
| Agencia catalogadora original | oe |
| Agencia transcriptora | oe |
| Agencia Modificadora | la |
| -- | CO-BoIAVH |
| 041 1# - IDIOMA | |
| Código de idioma para texto/pista de sonido o título separado | Español |
| Código de idioma de la versión original y/o traducciones intermedias del texto | Inglés |
| 044 ## - PAÍS DE PUBLICACIÓN | |
| País de publicación | España |
| 082 04 - NUMERO DE CLASIFICACION DECIMAL DEWEY | |
| Número de clasificación | 635.965 |
| Número del ítem | L65g3 |
| 100 1# - ASIENTO PRINCIPAL--NOMBRE PERSONAL | |
| Nombre personal | Longman, David. |
| 9 (RLIN) | 59193 |
| 245 10 - MENCION DE TITULO | |
| Título | Guía practica ilustrada para el Jardín |
| Mención de responsabilidad | David Longman ; traducción Dolores Díez. |
| 260 ## - PUBLICACION, DISTRIBUCION, ETC. (PIE DE IMPRENTA) | |
| Lugar de publicación, distribución, etc. | Barcelona : |
| Nombre del editor, distribuidor, etc. | Editorial Blume, |
| Fecha de publicación, distribución, etc. | 1981. |
| 300 ## - DESCRIPCION FISICA | |
| Extensión | 196 páginas : |
| Otros detalles físicos | ilustraciones ; |
| Dimensiones | 28 x 22 cm. |
| 504 ## - NOTA DE BIBLIOGRAFIA, ETC. | |
| Nota de bibliografía | Incluye glosario e índice. |
| 534 ## - NOTA DE VERSION ORIGINAL | |
| Frase introductoria | Título orginal. |
| Título del original | The care of house plants. |
| 650 #6 - ASIENTO SECUNDARIO DE MATERIA - TERMINO TEMATICO | |
| Término temático o nombre geográfico como elemento de entrada | Botánica |
| Subdivisión de forma | Nomencladores. |
| 9 (RLIN) | 61708 |
| 650 #6 - ASIENTO SECUNDARIO DE MATERIA - TERMINO TEMATICO | |
| Término temático o nombre geográfico como elemento de entrada | Bulbo |
| 9 (RLIN) | 59195 |
| 650 #6 - ASIENTO SECUNDARIO DE MATERIA - TERMINO TEMATICO | |
| Término temático o nombre geográfico como elemento de entrada | Plantas de macetas |
| 9 (RLIN) | 59196 |
| 700 1# - ASIENTO SECUNDARIO - NOMBRE PERSONAL | |
| Nombre personal | Diez, Dolores, |
| Término de relación | tr. |
| 9 (RLIN) | 59197 |
| 942 ## - ELEMENTOS ADICIONALES (KOHA) | |
| Sistema de clasificación | Dewey Decimal Classification |
| Tipo de ítem | Libro |
| Withdrawn status | Lost status | Sistema de Clasificación | Damaged status | No para préstamo | Colección | Inventariado | Ubicación Permanente | Ubicación actual | Fecha de adquisición | Fuente de Valor | Total Checkouts | Número topográfico | Inventario / Código de Barras | Date last seen | Ejemplar | Price effective from | Forma de adquisición | Tipo de material |
|---|---|---|---|---|---|---|---|---|---|---|---|---|---|---|---|---|---|---|
| Dewey Decimal Classification | General | Inventariado 2017 | Bogotá | Bogotá | 05/07/1999 | Amazon | LB-635.965 L65g3 | 001803 | 04/12/2012 | Ej. 1 | 04/12/2012 | Libro | ||||||
| Dewey Decimal Classification | General | Inventariado 2017 | Sala Fabio Quevedo | Sala Fabio Quevedo | 05/07/1999 | Amazon | LB-635.965 L65g3 | 001800 | 04/12/2012 | Ej.2 | 04/12/2012 | Libro |